000 00401nam a22001817a 4500
003 MPLRDC
005 20220104181452.0
008 210129b ||||| |||| 00| 0 eng d
082 _a524.946 YKY 1995
100 _aYEE KOK YOON
245 _aSAINS SPM
_c
250 _a初版
260 _a
_bPAN ASIA
_c1995
300 _b
490 _aPERINTIS
650 _a
942 _cBK
_o524.946 YKY 1995
999 _c61459
_d61449